Primer on risk analysis : (Record no. 17386)

MARC details
000 -LEADER
fixed length control field 01343cam a2200361 i 4500
001 - CONTROL NUMBER
control field 20672299
003 - CONTROL NUMBER IDENTIFIER
control field BD-DhSAU
005 - DATE AND TIME OF LATEST TRANSACTION
control field 20240128154547.0
008 - FIXED-LENGTH DATA ELEMENTS--GENERAL INFORMATION
fixed length control field 180917s2019 flua b 001 0 eng
020 ## - INTERNATIONAL STANDARD BOOK NUMBER
International Standard Book Number 9781138312289
020 ## - INTERNATIONAL STANDARD BOOK NUMBER
International Standard Book Number 9780367075187
Qualifying information alk. paper)
020 ## - INTERNATIONAL STANDARD BOOK NUMBER
Canceled/invalid ISBN 9780429664878
020 ## - INTERNATIONAL STANDARD BOOK NUMBER
International Standard Book Number 9780429021145
020 ## - INTERNATIONAL STANDARD BOOK NUMBER
Canceled/invalid ISBN 9780429662157
040 ## - CATALOGING SOURCE
Original cataloging agency BD-DhSAU
082 00 - DEWEY DECIMAL CLASSIFICATION NUMBER
Classification number 658.15/5
Edition number 23
100 1# - MAIN ENTRY--PERSONAL NAME
Personal name Yoe, Charles E.,
Relator term author.
245 10 - TITLE STATEMENT
Title Primer on risk analysis :
Remainder of title decision making under uncertainty /
Statement of responsibility, etc. Charles Yoe.
250 ## - EDITION STATEMENT
Edition statement Second edition.
264 #1 - PRODUCTION, PUBLICATION, DISTRIBUTION, MANUFACTURE, AND COPYRIGHT NOTICE
Place of production, publication, distribution, manufacture Boca Raton :
Name of producer, publisher, distributor, manufacturer CRC Press, Taylor & Francis Group,
Date of production, publication, distribution, manufacture, or copyright notice [2019]
300 ## - PHYSICAL DESCRIPTION
Extent xv, 305 pages pages :
Other physical details illustrations ;
Dimensions 23 cm
336 ## - CONTENT TYPE
Content type term text
Content type code txt
Source rdacontent
337 ## - MEDIA TYPE
Media type term unmediated
Media type code n
Source rdamedia
338 ## - CARRIER TYPE
Carrier type term volume
Carrier type code nc
Source rdacarrier
504 ## - BIBLIOGRAPHY, ETC. NOTE
Bibliography, etc Includes bibliographical references.
505 0# - FORMATTED CONTENTS NOTE
Formatted contents note The basics -- Uncertainty -- Risk management -- Risk assessment -- Risk communication -- Enterprise risk management -- Decision making under uncertainty.
590 ## - Name of Cataloguer
Name of Cataloger Roy
650 #0 - SUBJECT ADDED ENTRY--TOPICAL TERM
Topical term or geographic name as entry element Risk assessment.
650 #0 - SUBJECT ADDED ENTRY--TOPICAL TERM
Topical term or geographic name as entry element Decision making.
856 ## - ELECTRONIC LOCATION AND ACCESS
Uniform Resource Identifier <a href="http://www.taylorfrancis.com/books/9780429021145">http://www.taylorfrancis.com/books/9780429021145</a>
Link text Institutional Access by IP or Remote Access
942 ## - ADDED ENTRY ELEMENTS (KOHA)
Source of classification or shelving scheme Dewey Decimal Classification
Koha item type Electronic book

No items available.